Countries nearest to the United Kingdom - Statistics

General Stats
  • This quiz has been taken 5,663 times
    5,629 since last reset
  • The average score is 23 of 30
Answer Stats
Distance Country % Correct
21 miles France
98%
0 miles Ireland
96%
193 miles Germany
94%
430 miles Spain
93%
50 miles Belgium
92%
83 miles Netherlands
91%
442 miles Italy
88%
183 miles Norway
88%
517 miles Sweden
88%
325 miles Denmark
86%
546 miles Portugal
86%
520 miles Poland
84%
692 miles Finland
82%
359 miles Switzerland
82%
452 miles Austria
81%
503 miles Iceland
80%
210 miles Luxembourg
74%
719 miles Hungary
71%
716 miles Slovakia
69%
562 miles Andorra
68%
682 miles Croatia
68%
473 miles Czech Republic
68%
643 miles Slovenia
67%
826 miles Vatican City
64%
579 miles Monaco
63%
713 miles San Marino
61%
877 miles Serbia
60%
928 miles Romania
58%
788 miles Bosnia and Herzegovina
57%
461 miles Liechtenstein
52%
No matching quizzes found
Score Distribution
Percent of People with Each Score
Percentile by Number Answered
Your Score History
You have not taken this quiz since the last reset